Statistics for US States with Largest Cities that are not Capitals

Click here to take the quiz!

General Stats

  • This quiz has been taken 127 times
    (98 since last reset)
  • The average score is 28 of 34

Answer Stats

State % Correct
California
97%
New York
95%
Washington
93%
Florida
93%
South Dakota
89%
Texas
89%
North Dakota
87%
Oregon
87%
Michigan
87%
Kansas
85%
Nevada
85%
Minnesota
84%
Missouri
82%
North Carolina
82%
Kentucky
80%
Alaska
80%
Alabama
80%
New Mexico
80%
Illinois
79%
Wisconsin
79%
Louisiana
79%
South Carolina
79%
Montana
79%
Pennsylvania
77%
Tennessee
77%
Virginia
77%
Vermont
75%
Nebraska
75%
New Hampshire
75%
Maine
75%
Maryland
74%
New Jersey
70%
Connecticut
69%
Delaware
67%

Score Distribution

Percentile by Number Answered

Percent of People with Each Score

Your Score History

You have not taken this quiz since the last reset